Random Fictional Robots - Statistics

General Stats
  • This quiz has been taken 14 times
  • The average score is 9 of 16
Answer Stats
Picture Answer % Correct
C-3PO
100%
Megatron
100%
Optimus Prime
100%
RoboCop
100%
WALL-E
100%
Iron Giant
88%
R2-D2
88%
Terminator
88%
Bender
83%
Bumblebee
80%
Metal Sonic
80%
Baymax
75%
BB-8
71%
Astro Boy
67%
Ultron
67%
EVE
60%
Mega Man
60%
Metagross
57%
Rosie
57%
Marvin
50%
Robby the Robot
50%
Tik-Tok
50%
Mechagodzilla
40%
Rodney
40%
Voltron
38%
Beheeyem
33%
HAL 9000
33%
Johnny 5
25%
Registeel
25%
Golurk
20%
Cyberman
17%
Wheatley
17%
The Robot
14%
Evangelion
0%
Gort
0%
Magearna
0%
Maschinenmensh
0%
Plex
0%
No matching quizzes found
Score Distribution
Percent of People with Each Score
Percentile by Number Answered
Your Score History
You have not taken this quiz